000 00404nam a2200181Ia 4500
003 0100
008 130303s9999 xx 000 0 und d
040 _cARRUPELIB
050 _aR726.B391975
100 _aKohl, Marvin (ed)
245 _aBeneficent Euthanasia
260 _aNY
260 _bPrometheus Books
260 _C1975
300 _a255p
650 _bTechnology - Philosophy
942 0 0 _02
999 _c29311
_d29311